Ernest Hemingway: a reference guide

Gespeichert in:
Bibliographische Detailangaben
1. Verfasser: Wagner, Linda Welshimer
Format: Buch
Sprache:Undetermined
Veröffentlicht: Boston, Estados Unidos G.K. Hall 1977
Schlagworte:
Tags: Tag hinzufügen
Keine Tags, Fügen Sie den ersten Tag hinzu!

MARC

LEADER 00000nam a2200000Ia 4500
008 170316s9999 xx 000 0 und d
040 |a cru BVZT 
090 |a 810 W-3e 
100 |a Wagner, Linda Welshimer 
245 |a Ernest Hemingway: a reference guide 
260 |a Boston, Estados Unidos 
260 |b G.K. Hall 
260 |c 1977 
300 |a 363 páginas 
650 |a LITERATURA ESTADOUNIDENSE 
999 |c 6296  |d 6296 
942 |c 15 D  |h 810 W-3e  |2 z